Hidden Countries of South America Quiz Stats

 Plays Quiz Updated Mar 5, 2016

Score 0/12 Timer 02:00
53 Plays Today
% Correct
Brazil
97%
Argentina
93%
Chile
91.3%
Peru
88.2%
Colombia
87.2%
Bolivia
84.9%
Venezuela
84.1%
Paraguay
81.9%
Ecuador
81.2%
Uruguay
77%
Guyana
73.2%
Suriname
68.8%

You're not logged in!

Compare scores with friends on all Sporcle quizzes.
Join for Free
OR
Log In

You Might Also Like...

Show Comments

Extras

Top Quizzes Today


Score Distribution

Your Account Isn't Verified!

In order to create a playlist on Sporcle, you need to verify the email address you used during registration. Go to your Sporcle Settings to finish the process.

Report this User

Report this user for behavior that violates our Community Guidelines.

Details: